000 02267cam a22003498a 4500
001 17522840
003 OSt
005 20150408114109.0
008 121107s2014 mau 001 0 eng
010 _a 2012041515
020 _a9780132949330
020 _a9780132722001
020 _a0132949334
040 _aDLC
_cDLC
_dDLC
042 _apcc
050 0 0 _aHB171.5
_b.O84 2014
082 0 0 _a330
_223
_bOAE
100 1 _aO'Sullivan, Arthur.
_918277
245 1 0 _aEconomics :
_bprinciples, applications, and tools /
_cArthur O'Sullivan, Steven M. Sheffrin, Stephen J. Perez.
250 _a8th ed.
260 _aBoston :
_bPearson Prentice Hall,
_cc2014.
263 _a1212
300 _ap. cm.
500 _aIncludes index.
505 0 _aIntroduction : what is economics? -- The key principles of economics -- Exchange and markets -- Demand, supply and market equilibrium -- Measuring a nation¿s production and income -- Unemployment and inflation -- The economy at full employment -- Why do economies grow? -- Aggregate demand and aggregate supply -- Fiscal policy -- The income-expenditure model -- Investment and financial markets -- Money and the banking system -- The federal reserve and monetary policy -- Modern macroeconomics: from the short run to the long run -- The dynamics of inflation and unemployment -- Macroeconomic policy debates -- International trade and public policy -- The world of international finance -- Elasticity : a measure of responsiveness -- Market efficiency and government intervention -- Consumer choice : utility theory and insights from neuroscience -- Production technology and cost -- Perfect competition -- Monopoly and price discrimination -- Market entry and monopolistic competition -- Oligopoly and strategic behavior -- Controlling market power : antitrust and regulation -- Imperfect information: adverse selection and moral hazard -- Public goods and public choice -- External costs and environmental policy -- The labor market and the distribution of income.
650 0 _aEconomics.
700 1 _aSheffrin, Steven M.
_918278
700 1 _aPerez, Stephen J.
_918279
906 _a7
_bcbc
_corignew
_d1
_eecip
_f20
_gy-gencatlg
942 _2ddc
_cDVD
999 _c26750
_d261250